[Event "3.Città di Padova Op.B, Elo<1900"]
[Site "Padova Ex Fornace Carotta"]
[Date "2000.12.10"]
[Round "6.16"]
[White "Goi, Veronika"]
[Black "Roberti, Ignazio"]
[Result "0-1"]
[WhiteElo "1633"]
[BlackElo "1760"]
[Annotator "Gabriele Ballarin"]
[PlyCount "102"]
[EventDate "2000.12.02"]
[EventType "swiss"]
[EventRounds "6"]
[EventCountry "ITA"]

1. d4 Nf6 2. Nd2 d5 3. Ngf3 g6 4. g3 Bg7 5. Bg2 O-O 6. O-O Nbd7 7. Nb3 b6 8. Bf4 Bb7 9. Ne5 Ne4 10. f3 Nd6 11. Bh3 Nxe5 12. Bxe5 Bxe5 13. dxe5 Nc4 14. Qd4 c5 15. Qc3 Ba6 16. e6 f5 17. e3 Qd6 18. Rfe1 Rad8 19. e4 Ne5 20. exd5 Nc4 21. Rad1 f4 22. gxf4 Qxf4 23. Bg2 Nd6 24. Re3 Rf5 25. Nc1 Bc4 26. Ne2 Qh4 27. Re5 Rdf8 28. b3 Rxe5 29. Qxe5 Rf5 30. Qg3 Qxg3 31. Nxg3 Rxd5 32. Re1 Ba6 33. f4 Rd2 34. Ne4 Rxg2+ 35. Kxg2 Nxe4 36. Rxe4 Bb7 37. Kf3 Kg7 38. Ke3 Bxe4 39. Kxe4 Kf6 40. Kd5 h6 41. a4 Kf5 42. c4 Kxf4 43. a5 Kf5 44. a6 g5 45. Kc6 Kxe6 46. Kb7 Kd7 47. Kxa7 Kc7 48. Ka8 e5 49. a7 e4 50. b4 e3 51. bxc5 bxc5 0-1

[Event "3.Città di Padova Op.B, Elo<1900"]
[Site "Padova Ex Fornace Carotta"]
[Date "2000.12.10"]
[Round "6.17"]
[White "Musiani, Carlo"]
[Black "Zanirato, Stefano"]
[Result "1/2-1/2"]
[WhiteElo "1458"]
[BlackElo "1683"]
[Annotator "Gabriele Ballarin"]
[PlyCount "43"]
[EventDate "2000.12.02"]
[EventType "swiss"]
[EventRounds "6"]
[EventCountry "ITA"]

1. d4 Nf6 2. Nf3 e6 3. e3 d5 4. Bd3 Be7 5. O-O O-O 6. Re1 b6 7. c3 c5 8. Nbd2 Nc6 9. Qe2 c4 10. Bc2 Bb7 11. e4 dxe4 12. Nxe4 h6 13. Nxf6+ Bxf6 14. Qxc4 Ne7 15. Qd3 Ng6 16. Rxe6 Re8 17. Rxe8+ Qxe8 18. Bd2 Qd7 19. Re1 Re8 20. Rxe8+ Qxe8 21. h3 Qc8 22. Ne5 1/2-1/2

[Event "3.Città di Padova Op.B, Elo<1900"]
[Site "Padova Ex Fornace Carotta"]
[Date "2000.12.10"]
[Round "6.18"]
[White "Spessato, Gianluca"]
[Black "Tomio, Dante"]
[Result "1/2-1/2"]
[WhiteElo "1642"]
[BlackElo "1635"]
[Annotator "Gabriele Ballarin"]
[PlyCount "105"]
[EventDate "2000.12.02"]
[EventType "swiss"]
[EventRounds "6"]
[EventCountry "ITA"]

1. d4 Nf6 2. c4 c5 3. Nf3 cxd4 4. Nxd4 g6 5. Nc3 Bg7 6. e4 d6 7. h3 O-O 8. Be3 Nc6 9. Nb3 Be6 10. Qd2 Ne5 11. c5 d5 12. exd5 Nxd5 13. Bd4 Nxc3 14. Qxc3 Bxb3 15. axb3 Qxd4 16. Qxd4 Nf3+ 17. gxf3 Bxd4 18. b4 Bxb2 19. Rb1 Bc3+ 20. Ke2 e5 21. Bg2 f5 22. Kd3 Bd4 23. f4 Rad8 24. Bxb7 Bxc5+ 25. Ke2 Bd6 26. fxe5 Bxe5 27. Rhd1 Bc7 28. b5 Rfe8+ 29. Kf1 Bb6 30. Bc6 Rxd1+ 31. Rxd1 Rd8 32. Rxd8+ Bxd8 33. Ke2 Kf7 34. Bg2 Ke6 35. Kf3 Bb6 36. Bf1 g5 37. Bc4+ Ke5 38. Bf7 h6 39. Be8 Bd4 40. Bh5 Kd5 41. Be8 Kc4 42. Kg3 f4+ 43. Kf3 Kd3 44. Bg6+ Kd2 45. Kg2 Ke2 46. f3 Be3 47. Be8 Kd3 48. Bf7 Kd4 49. Bg6 Kc5 50. Be8 Kb6 51. Bd7 a6 52. bxa6 Kxa6 53. Be8 1/2-1/2

[Event "3.Città di Padova Op.B, Elo<1900"]
[Site "Padova Ex Fornace Carotta"]
[Date "2000.12.10"]
[Round "6.19"]
[White "Pomaro, Stefano"]
[Black "Carlassara, Renato"]
[Result "1-0"]
[WhiteElo "1563"]
[BlackElo "1636"]
[Annotator "Gabriele Ballarin"]
[PlyCount "42"]
[EventDate "2000.12.02"]
[EventType "swiss"]
[EventRounds "6"]
[EventCountry "ITA"]

1. e4 e5 2. d4 exd4 3. c3 d5 4. exd5 Nf6 5. Bc4 Nxd5 6. Qxd4 Be6 7. Nf3 Nc6 8. Bb5 Nf6 9. Be3 Qd5 10. Qa4 Bd7 11. Nbd2 Ne5 12. Bxd7+ Qxd7 13. Qxd7+ Nfxd7 14. O-O-O c5 15. Nxe5 Nxe5 16. Ne4 c4 17. Rd5 Nd3+ 18. Kc2 Be7 19. b3 Rd8 20. bxc4 Rxd5 21. cxd5 Ne5 1-0

[Event "3.Città di Padova Op.B, Elo<1900"]
[Site "Padova Ex Fornace Carotta"]
[Date "2000.12.10"]
[Round "6.20"]
[White "Troise, Salvatore"]
[Black "Borgato, Alessandro"]
[Result "1-0"]
[WhiteElo "1648"]
[BlackElo "1600"]
[Annotator "Gabriele Ballarin"]
[PlyCount "73"]
[EventDate "2000.12.02"]
[EventType "swiss"]
[EventRounds "6"]
[EventCountry "ITA"]

{[%evp 0,42,28,28,14,-7,12,-39,-19,-21,23,9,-27,-19,-44,-27,-41,-42,7,-10,7,-20,-3,-9,56,63,65,47,48,43,90,126,100,100,102,136,131,125,182,177,216,215,207,210,239]} 1. e4 e5 2. Nf3 Nc6 3. Bb5 d6 4. Bxc6+ bxc6 5. d4 Bg4 6. Be3 Nf6 7. Nc3 exd4 8. Bxd4 c5 9. Be3 g6 10. h3 Bd7 11. e5 Nh5 12. O-O Bc6 13. exd6 cxd6 14. Re1 Be7 15. Bh6 Qc7 16. Nd5 Bxd5 17. Qxd5 Rb8 18. Ng5 Kd7 19. Qxf7 Rbe8 20. Rad1 Kc8 21. Rd3 Bd8 22. Qxc7+ Kxc7 23. Red1 Bxg5 24. Bxg5 Re6 25. Kf1 Nf6 26. Bf4 Rd8 27. Ra3 Ra8 28. Ra6 Ne8 29. Rd5 Kb7 30. Ra3 Kc6 31. Rad3 Rb8 32. b3 Rb7 33. c4 Rbe7 34. Rd1 Nf6 35. Rxd6+ Kb7 36. Rxe6 Rxe6 37. Rd6 1-0

[Event "3.Città di Padova Op.B, Elo<1900"]
[Site "Padova Ex Fornace Carotta"]
[Date "2000.12.10"]
[Round "6.21"]
[White "Quaranta, Gaetano"]
[Black "Baracchi, Leonardo"]
[Result "1-0"]
[WhiteElo "1609"]
[BlackElo "1500"]
[Annotator "Gabriele Ballarin"]
[PlyCount "101"]
[EventDate "2000.12.02"]
[EventType "swiss"]
[EventRounds "6"]
[EventCountry "ITA"]

1. e4 e5 2. Nf3 Nc6 3. d4 exd4 4. Bc4 Bc5 5. O-O d6 6. c3 dxc3 7. Nxc3 Bg4 8. Bxf7+ Kxf7 9. Ng5+ Qxg5 10. Qb3+ Be6 11. Qxb7 Qg6 12. Qxa8 Bh3 13. g3 Bxf1 14. Qxc6 Bh3 15. Qxc7+ Ne7 16. e5 Qc2 17. e6+ Kxe6 18. Be3 Bxe3 19. Qc4+ Kd7 20. Qb5+ Nc6 21. Qb7+ Ke6 22. Qxc6 Qxf2+ 23. Kh1 Rf8 24. Qd5+ Ke7 25. Qb7+ Ke8 26. Qc6+ Kf7 27. Qd5+ Be6 28. Qh5+ Kg8 29. Ne4 Bd5 30. Qxd5+ Qf7 31. Qxf7+ Rxf7 32. Nxd6 Rf2 33. Nc4 Bd4 34. Rd1 Bxb2 35. Nxb2 Rxb2 36. Rd8+ Kf7 37. Rd7+ Kg6 38. Rxa7 Kh6 39. a4 Kg6 40. a5 Kh6 41. a6 Ra2 42. Kg1 g5 43. Ra8 Kh5 44. h3 Kg6 45. a7 Kh5 46. Kf1 Kh6 47. Ke1 Kh5 48. Kd1 Kh6 49. Kc1 Kg7 50. g4 Kf7 51. Rh8 1-0

[Event "3.Città di Padova Op.B, Elo<1900"]
[Site "Padova Ex Fornace Carotta"]
[Date "2000.12.10"]
[Round "6.22"]
[White "Bonafede, Alessandro"]
[Black "Velluti, Alberto"]
[Result "1/2-1/2"]
[WhiteElo "1500"]
[BlackElo "1630"]
[Annotator "Gabriele Ballarin"]
[PlyCount "60"]
[EventDate "2000.12.02"]
[EventType "swiss"]
[EventRounds "6"]
[EventCountry "ITA"]

1. e4 e5 2. Nf3 Nc6 3. Bc4 Bc5 4. c3 Nf6 5. d4 exd4 6. cxd4 Bb4+ 7. Bd2 O-O 8. Bxb4 Nxb4 9. Ng5 d5 10. exd5 Nfxd5 11. Nf3 Re8+ 12. Kf1 c5 13. Bxd5 Nxd5 14. Nc3 cxd4 15. Nxd5 Qxd5 16. Qxd4 Qxd4 17. Nxd4 b6 18. f3 Ba6+ 19. Kf2 Rad8 20. Rhe1 h6 21. Rxe8+ Rxe8 22. Re1 Rd8 23. Nb3 Bc4 24. Re7 a6 25. Ke3 Kf8 26. Rc7 Re8+ 27. Kd2 Re2+ 28. Kd1 Bb5 29. Rc2 Rxc2 30. Kxc2 Ba4 1/2-1/2

[Event "3.Città di Padova Op.B, Elo<1900"]
[Site "Padova Ex Fornace Carotta"]
[Date "2000.12.10"]
[Round "6.23"]
[White "Sanavio, Giancarlo"]
[Black "Chinellato, Marco"]
[Result "1-0"]
[WhiteElo "1561"]
[BlackElo "1500"]
[Annotator "Gabriele Ballarin"]
[PlyCount "49"]
[EventDate "2000.12.02"]
[EventType "swiss"]
[EventRounds "6"]
[EventCountry "ITA"]

1. Nf3 Nf6 2. c4 g6 3. b4 Bg7 4. Bb2 d6 5. g3 O-O 6. Bg2 c6 7. O-O a5 8. b5 e5 9. Nc3 Re8 10. Qc2 Bf5 11. d3 e4 12. Nh4 exd3 13. exd3 Qc7 14. Rae1 Be6 15. Nf3 Nfd7 16. Re2 h6 17. Rfe1 Nf8 18. Ne4 Qd8 19. Bxg7 Kxg7 20. Qb2+ f6 21. Ned2 c5 22. Nh4 Re7 23. Bd5 Qe8 24. Ne4 Bxd5 25. Nxf6 1-0

[Event "3.Città di Padova Op.B, Elo<1900"]
[Site "Padova Ex Fornace Carotta"]
[Date "2000.12.10"]
[Round "6.24"]
[White "Trimboli, Carlo"]
[Black "Busà, Michele"]
[Result "1-0"]
[WhiteElo "1500"]
[BlackElo "1600"]
[Annotator "Gabriele Ballarin"]
[PlyCount "91"]
[EventDate "2000.12.02"]
[EventType "swiss"]
[EventRounds "6"]
[EventCountry "ITA"]

1. d4 g6 2. Nf3 Bg7 3. Bf4 d5 4. e3 Bf5 5. c4 c6 6. Nc3 Nf6 7. cxd5 cxd5 8. Bb5+ Bd7 9. O-O Bxb5 10. Nxb5 Nh5 11. Nc7+ Kf8 12. Nxa8 Nxf4 13. exf4 Nc6 14. Rc1 Qxa8 15. Qd2 Bh6 16. g3 Qb8 17. Ne5 Qd6 18. Rc3 Nxe5 19. dxe5 Qxe5 20. fxe5 Bxd2 21. Rc8+ Kg7 22. Rxh8 Kxh8 23. Rd1 Bb4 24. Rxd5 b6 25. a3 e6 26. Rd7 Bc5 27. Rxf7 Bd4 28. Rxa7 Bxb2 29. f4 b5 30. Rb7 Bxa3 31. Rxb5 Kg7 32. Rb7+ Kg8 33. Kg2 h6 34. Kf3 Bc5 35. h3 Kf8 36. Ke4 h5 37. g4 hxg4 38. hxg4 Be7 39. f5 gxf5+ 40. gxf5 exf5+ 41. Kxf5 Kf7 42. e6+ Kf8 43. Kg6 Bd6 44. Kf6 Ke8 45. Rh7 Kd8 46. Rd7+ 1-0

[Event "3.Città di Padova Op.B, Elo<1900"]
[Site "Padova Ex Fornace Carotta"]
[Date "2000.12.10"]
[Round "6.25"]
[White "Bonetto, Giorgio"]
[Black "Zannol, Roberto"]
[Result "1-0"]
[WhiteElo "1528"]
[BlackElo "1500"]
[Annotator "Gabriele Ballarin"]
[PlyCount "39"]
[EventDate "2000.12.02"]
[EventType "swiss"]
[EventRounds "6"]
[EventCountry "ITA"]

1. e4 e5 2. f4 exf4 3. Nf3 d6 4. Bc4 g5 5. d4 g4 6. Bxf4 Bh6 7. Bxh6 Nxh6 8. Nfd2 Nc6 9. c3 Qh4+ 10. g3 Qe7 11. Qe2 Bd7 12. Na3 f5 13. Nb5 O-O-O 14. Qe3 Nf7 15. d5 Nce5 16. Qxa7 Bxb5 17. Bxb5 c6 18. dxc6 Qc7 19. cxb7+ Qxb7 20. Ba6 1-0

[Event "3.Città di Padova Op.B, Elo<1900"]
[Site "Padova Ex Fornace Carotta"]
[Date "2000.12.10"]
[Round "6.26"]
[White "Marson, Antonio"]
[Black "Lucisano, Pierbasilio"]
[Result "1/2-1/2"]
[WhiteElo "1525"]
[BlackElo "1485"]
[Annotator "Gabriele Ballarin"]
[PlyCount "24"]
[EventDate "2000.12.02"]
[EventType "swiss"]
[EventRounds "6"]
[EventCountry "ITA"]

1. d4 Nf6 2. Nf3 g6 3. Bf4 Bg7 4. h3 d6 5. e3 c5 6. c3 Qa5 7. Nbd2 Nbd7 8. Be2 cxd4 9. exd4 O-O 10. O-O b5 11. Nb3 Qb6 12. Re1 Re8 1/2-1/2

[Event "3.Città di Padova Op.B, Elo<1900"]
[Site "Padova Ex Fornace Carotta"]
[Date "2000.12.10"]
[Round "6.27"]
[White "Morelli, Umberto"]
[Black "Quaranta, Cristiano"]
[Result "0-1"]
[WhiteElo "1507"]
[BlackElo "1468"]
[Annotator "Gabriele Ballarin"]
[PlyCount "50"]
[EventDate "2000.12.02"]
[EventType "swiss"]
[EventRounds "6"]
[EventCountry "ITA"]

1. d4 c5 2. d5 Nf6 3. c4 e6 4. Nc3 exd5 5. cxd5 d6 6. Nf3 g6 7. Nd2 Bg7 8. e4 O-O 9. Be2 a6 10. a4 Nbd7 11. O-O b6 12. Ra3 Bb7 13. Qc2 Qc7 14. f4 Rac8 15. Nc4 Rfe8 16. g4 h6 17. g5 hxg5 18. fxg5 Nh7 19. Rb3 Bd4+ 20. Kh1 Ne5 21. Nxb6 c4 22. Rb4 Bxb6 23. Bf4 Ba5 24. Bxe5 Bxb4 25. Bf4 Qe7 0-1

[Event "3.Città di Padova Op.B, Elo<1900"]
[Site "Padova Ex Fornace Carotta"]
[Date "2000.12.10"]
[Round "6.29"]
[White "Alessi, Giovanni"]
[Black "Pilotto, Alessandro"]
[Result "0-1"]
[WhiteElo "1500"]
[BlackElo "1600"]
[Annotator "Gabriele Ballarin"]
[PlyCount "68"]
[EventDate "2000.12.02"]
[EventType "swiss"]
[EventRounds "6"]
[EventCountry "ITA"]

1. d4 d5 2. e3 Nc6 3. Bb5 Bd7 4. Nf3 Nf6 5. O-O a6 6. Be2 e6 7. Bd2 Be7 8. c4 dxc4 9. Bxc4 b5 10. Bd3 O-O 11. Nc3 Nb4 12. Be2 Bc6 13. a3 Nbd5 14. Bd3 h6 15. Re1 Nh7 16. e4 Nxc3 17. bxc3 f6 18. Bc2 Be8 19. d5 e5 20. Bb3 Bd6 21. Nh4 Bd7 22. c4 bxc4 23. Bxc4 f5 24. g3 f4 25. Nf3 Bg4 26. Be2 Qf6 27. Kg2 Qg6 28. h3 Be7 29. Qc2 Nf6 30. Bd3 fxg3 31. Nh4 Bxh3+ 32. Kxh3 Qg4+ 33. Kg2 gxf2+ 34. Kxf2 Nxe4+ 0-1

[Event "3.Città di Padova Op.B, Elo<1900"]
[Site "Padova Ex Fornace Carotta"]
[Date "2000.12.10"]
[Round "6.30"]
[White "Broccardo, Nicola"]
[Black "Del Giudice, Stefano"]
[Result "1-0"]
[WhiteElo "1537"]
[BlackElo "1555"]
[Annotator "Gabriele Ballarin"]
[PlyCount "79"]
[EventDate "2000.12.02"]
[EventType "swiss"]
[EventRounds "6"]
[EventCountry "ITA"]

1. c4 d6 2. b3 e5 3. Bb2 Nc6 4. g3 f5 5. e3 Nf6 6. Bg2 Be7 7. Ne2 O-O 8. Nbc3 Qe8 9. Nd5 Nxd5 10. Bxd5+ Kh8 11. O-O Bf6 12. Bg2 Be6 13. a3 a5 14. Re1 Rd8 15. Qc2 e4 16. Nf4 Ne5 17. Rad1 g5 18. Bxe5 dxe5 19. Nxe6 Qxe6 20. d3 exd3 21. Rxd3 e4 22. Rd5 Rxd5 23. cxd5 Qxd5 24. Qxc7 Qxb3 25. Qxa5 Bc3 26. Qc5 Rf7 27. Re2 b6 28. Qc8+ Kg7 29. Qd8 Bf6 30. Qd6 Qb5 31. Bf1 Qc5 32. Qxc5 bxc5 33. Rc2 Be7 34. a4 Rf8 35. a5 Ra8 36. a6 Kf6 37. Bc4 Ke5 38. Rd2 h5 39. Rd7 Kf6 40. a7 1-0

[Event "3.Città di Padova Op.B, Elo<1900"]
[Site "Padova Ex Fornace Carotta"]
[Date "2000.12.10"]
[Round "6.31"]
[White "Bertucco, Diego"]
[Black "Sedani, Elisa"]
[Result "1-0"]
[WhiteElo "1600"]
[BlackElo "1533"]
[Annotator "Gabriele Ballarin"]
[PlyCount "43"]
[EventDate "2000.12.02"]
[EventType "swiss"]
[EventRounds "6"]
[EventCountry "ITA"]

1. e4 c5 2. c3 d6 3. d4 Nf6 4. Bd3 cxd4 5. cxd4 a6 6. Nf3 Nc6 7. O-O Bg4 8. Bc2 e5 9. d5 Nd4 10. Nc3 Rc8 11. Qd3 Nxf3+ 12. gxf3 Bh3 13. Re1 b5 14. a3 Nh5 15. f4 Qd7 16. f5 Bg4 17. h3 Bxh3 18. Qxh3 Nf4 19. Bxf4 exf4 20. e5 Be7 21. e6 fxe6 22. Rxe6 1-0

[Event "3.Città di Padova Op.B, Elo<1900"]
[Site "Padova Ex Fornace Carotta"]
[Date "2000.12.10"]
[Round "6.32"]
[White "Crestani, Federico"]
[Black "Ceccherini, Paolo"]
[Result "1-0"]
[WhiteElo "1480"]
[BlackElo "1507"]
[Annotator "Gabriele Ballarin"]
[PlyCount "93"]
[EventDate "2000.12.02"]
[EventType "swiss"]
[EventRounds "6"]
[EventCountry "ITA"]

1. d4 d5 2. c4 Nc6 3. Nf3 Bg4 4. e3 e6 5. Be2 dxc4 6. Bxc4 Nf6 7. h3 Bh5 8. Nc3 Bb4 9. Bd2 O-O 10. g4 Bg6 11. Nh4 Bxc3 12. Bxc3 Be4 13. f3 Bd5 14. Bd3 e5 15. Nf5 exd4 16. Nxd4 Re8 17. Kf2 Nxd4 18. Bxd4 Nd7 19. h4 c5 20. Bc3 Bc6 21. Qc2 h6 22. g5 h5 23. Bc4 Ne5 24. Bxe5 Rxe5 25. g6 Qf6 26. gxf7+ Kh8 27. Qe2 b5 28. Bb3 c4 29. Bc2 Qxf7 30. Rag1 Rae8 31. Bg6 Rxe3 32. Qxe3 Rxe3 33. Bxf7 Rxf3+ 34. Ke2 Rxf7 35. Rh3 Kh7 36. Rf1 Re7+ 37. Re3 Rd7 38. Rf5 g6 39. Rfe5 a5 40. Re7+ Rxe7 41. Rxe7+ Kh6 42. Ke3 b4 43. Kd4 b3 44. a3 Bb5 45. a4 Bxa4 46. Kxc4 Bc6 47. Kxb3 1-0

[Event "3.Città di Padova Op.B, Elo<1900"]
[Site "Padova Ex Fornace Carotta"]
[Date "2000.12.10"]
[Round "6.33"]
[White "Spinoso, Giovanni"]
[Black "Meggiorin, Orlando"]
[Result "1-0"]
[WhiteElo "1452"]
[BlackElo "1600"]
[Annotator "Gabriele Ballarin"]
[PlyCount "109"]
[EventDate "2000.12.02"]
[EventType "swiss"]
[EventRounds "6"]
[EventCountry "ITA"]

1. e4 c5 2. Nf3 d6 3. d4 cxd4 4. Nxd4 g6 5. Nc3 Bg7 6. Bc4 Nf6 7. f3 O-O 8. Be3 a6 9. Qd2 Bd7 10. O-O-O Nc6 11. h4 b5 12. Bb3 Na5 13. h5 Nxb3+ 14. Nxb3 Nxh5 15. Bh6 f6 16. Bxg7 Nxg7 17. Rh6 Rf7 18. g4 Ne6 19. Rdh1 Nf8 20. Nd5 Be6 21. Nf4 Bxb3 22. axb3 e5 23. Nd5 Raa7 24. Kb1 Ne6 25. Qh2 Ng5 26. Rxg6+ Rg7 27. Nxf6+ Kh8 28. Qh6 Rxg6 29. Qxg6 Rg7 30. Qf5 Rf7 31. Qxg5 Qxf6 32. Qxf6+ Rxf6 33. Rf1 Kg7 34. Kc1 Kg6 35. Kd2 h5 36. gxh5+ Kxh5 37. Ke3 Rf7 38. Rd1 Rd7 39. Rd5 Kg6 40. f4 exf4+ 41. Kxf4 Kf6 42. c4 bxc4 43. bxc4 Ke6 44. b3 Rb7 45. Rd3 Rf7+ 46. Ke3 Rb7 47. Kd2 a5 48. Kc3 Rc7 49. Rd5 Rc5 50. Rxc5 dxc5 51. Kb2 Ke5 52. Ka3 Kxe4 53. Ka4 Ke5 54. Kxa5 Kd6 55. Kb6 1-0

[Event "3.Città di Padova Op.B, Elo<1900"]
[Site "Padova Ex Fornace Carotta"]
[Date "2000.12.10"]
[Round "6.34"]
[White "Tasson, Giovanni"]
[Black "Verdi, Ruben"]
[Result "1-0"]
[WhiteElo "1474"]
[BlackElo "1443"]
[Annotator "Gabriele Ballarin"]
[PlyCount "79"]
[EventDate "2000.12.02"]
[EventType "swiss"]
[EventRounds "6"]
[EventCountry "ITA"]

1. e4 c5 2. Nf3 d6 3. d4 cxd4 4. Nxd4 Nf6 5. Nc3 e6 6. Be2 a6 7. a4 g6 8. O-O Bg7 9. Be3 O-O 10. Qd2 Qc7 11. Bh6 Nbd7 12. Bxg7 Kxg7 13. Kh1 Nc5 14. Qe3 Bd7 15. b4 e5 16. Nb3 Nxb3 17. cxb3 Be6 18. Rab1 Rfd8 19. Rfc1 Qe7 20. Bc4 d5 21. exd5 Bxd5 22. b5 Bxc4 23. bxc4 Qe6 24. Ne2 Rac8 25. c5 Rd5 26. Rb2 Qd7 27. h3 Rd3 28. Qg5 Qd5 29. Ng3 Qe6 30. bxa6 bxa6 31. Rb6 Rc6 32. Rxc6 Qxc6 33. Nf5+ Kh8 34. Nd6 Rxh3+ 35. Kg1 Ne4 36. Qxe5+ f6 37. Qxe4 Qxe4 38. Nxe4 Rb3 39. c6 Rb8 40. c7 1-0

[Event "3.Città di Padova Op.B, Elo<1900"]
[Site "Padova Ex Fornace Carotta"]
[Date "2000.12.10"]
[Round "6.35"]
[White "Galiano, Salvatore"]
[Black "Barbetta, Cosimo"]
[Result "0-1"]
[WhiteElo "1416"]
[BlackElo "1600"]
[Annotator "Gabriele Ballarin"]
[PlyCount "81"]
[EventDate "2000.12.02"]
[EventType "swiss"]
[EventRounds "6"]
[EventCountry "ITA"]

{[%evp 0,81,28,-25,-32,-32,9,-3,-1,-11,9,6,13,0,13,13,27,38,47,30,88,88,85,49,260,-165,-165,-171,-171,-171,-171,-658,-661,-657,-654,-653,-99,-98,-98,-120,-120,-120,-120,-128,-102,-167,-167,-168,-175,-186,-171,-186,-197,-238,-173,-189,-183,-560,-559,-583,-602,-616,-588,-606,-628,-632,-582,-741,-741,-750,-730,-730,-787,-791,-797,-797,-804,-796,-798,-798,-752,-745,-682,-704]} 1. f4 d5 2. Nf3 h6 3. e3 Nf6 4. b3 e6 5. Bb2 Be7 6. Bd3 Nc6 7. O-O Bd6 8. Ne5 Bd7 9. a3 Bxe5 10. fxe5 Nh7 11. Qh5 Qe7 12. Bg6 fxg6 13. Qxg6+ Kd8 14. Rf7 Be8 15. Qxg7 Qxf7 16. Qxh8 Ne7 17. Nc3 Qg8 18. Qxg8 Nxg8 19. h4 Bg6 20. d3 Kd7 21. e4 c6 22. Ne2 dxe4 23. dxe4 Bxe4 24. c4 Re8 25. Ng3 Bc2 26. b4 Kc7 27. Rf1 Rd8 28. Bd4 Rxd4 29. Rf7+ Rd7 30. Rf2 Bb3 31. c5 Ne7 32. Nh5 Nf5 33. g4 Nxh4 34. Nf6 Nxf6 35. exf6 Rf7 36. Kh2 Bd5 37. Kg3 Ng6 38. g5 hxg5 39. Kg4 Be4 40. Kxg5 Kd8 41. Rd2+ {Nur} 0-1

[Event "3.Città di Padova Op.B, Elo<1900"]
[Site "Padova Ex Fornace Carotta"]
[Date "2000.12.10"]
[Round "6.36"]
[White "Arras, Antonio"]
[Black "Varotto, Adriano"]
[Result "1/2-1/2"]
[WhiteElo "1500"]
[BlackElo "1500"]
[Annotator "Gabriele Ballarin"]
[PlyCount "50"]
[EventDate "2000.12.02"]
[EventType "swiss"]
[EventRounds "6"]
[EventCountry "ITA"]

1. e4 e5 2. Nf3 Nc6 3. Bb5 d6 4. O-O Nf6 5. Re1 Bg4 6. c3 a6 7. Bxc6+ bxc6 8. d4 Be7 9. Qd3 Bxf3 10. Qxf3 O-O 11. Bg5 Re8 12. Na3 exd4 13. cxd4 Nd7 14. Bxe7 Qxe7 15. h3 Qf6 16. Qc3 c5 17. Rad1 Rab8 18. dxc5 Qxc3 19. bxc3 Nxc5 20. f3 Rb2 21. Ra1 Nd3 22. Nc4 Rc2 23. Re3 Rxc3 24. Nb2 Rc1+ 25. Rxc1 Nxc1 1/2-1/2

[Event "61.ITA Provinciale VE"]
[Site "Venezia S.Alvise"]
[Date "2001.03.02"]
[Round "1"]
[White "Ballarin, Gabriele"]
[Black "Gambarotto, Pietro"]
[Result "1-0"]
[WhiteElo "1570"]
[BlackElo "1400"]
[Annotator "Gabriele Ballarin"]
[PlyCount "73"]
[EventDate "2001.03.02"]
[EventType "swiss"]
[EventRounds "5"]
[EventCountry "ITA"]

1. e4 e5 2. Nc3 Nf6 3. Bc4 Nc6 4. d3 Bb4 5. Bd2 d6 6. a3 Ba5 7. b4 Bb6 8. Na4 Bd4 9. c3 Bb6 10. Bg5 O-O 11. Nxb6 axb6 12. Qd2 h6 13. Be3 Re8 14. f4 Ng4 15. Nf3 Nxe3 16. Qxe3 Be6 17. Bb5 Qd7 18. f5 Bb3 19. a4 f6 20. c4 Qf7 21. Ra3 Nxb4 22. Bxe8 Rxe8 23. Rxb3 Nc2+ 24. Kd2 Nxe3 25. Kxe3 Ra8 26. Ra1 Qd7 27. Rb4 Ra6 28. Nh4 c6 29. Rab1 Qc7 30. a5 b5 31. cxb5 cxb5 32. Rxb5 Rxa5 33. Rxb7 Qc5+ 34. Kf3 Ra3 35. Ng6 Rxd3+ 36. Kg4 Qc8 37. Ne7+ 1-0

[Event "61.ITA Provinciale VE"]
[Site "Venezia S.Alvise"]
[Date "2001.03.02"]
[Round "1"]
[White "Baracchi, Filippo"]
[Black "Casagrande, Corrado"]
[Result "1-0"]
[WhiteElo "1624"]
[BlackElo "1419"]
[Annotator "Gabriele Ballarin"]
[PlyCount "81"]
[EventDate "2001.03.02"]
[EventType "swiss"]
[EventRounds "5"]
[EventCountry "ITA"]

1. e4 c5 2. Nf3 d6 3. d4 cxd4 4. Nxd4 Nf6 5. Nc3 g6 6. Bd3 Bg7 7. Be3 O-O 8. f4 Ng4 9. Qc1 Nxe3 10. Qxe3 Nc6 11. Nde2 Nb4 12. O-O Nxd3 13. cxd3 Bd7 14. Kh1 Bc6 15. d4 Qb6 16. Qd2 f5 17. e5 dxe5 18. dxe5 Rad8 19. Qc2 Rd7 20. Rad1 Rfd8 21. Nc1 e6 22. Rxd7 Rxd7 23. Qb3 Qxb3 24. Nxb3 b6 25. Kg1 g5 26. g3 gxf4 27. gxf4 Bh6 28. Rf2 Rg7+ 29. Kf1 Rg4 30. Nd4 Bd5 31. Nxd5 exd5 32. Nxf5 Bxf4 33. h3 Be3 34. hxg4 Bxf2 35. Kxf2 Kf7 36. Ke3 Ke6 37. Kd4 a6 38. Ne3 a5 39. Nxd5 b5 40. Nc7+ Kf7 41. Nxb5 1-0

[Event "61.ITA Provinciale VE"]
[Site "Venezia S.Alvise"]
[Date "2001.03.03"]
[Round "2"]
[White "Baracchi, Filippo"]
[Black "Ballarin, Gabriele"]
[Result "1/2-1/2"]
[WhiteElo "1624"]
[BlackElo "1570"]
[Annotator "Gabriele Ballarin"]
[PlyCount "198"]
[EventDate "2001.03.02"]
[EventType "swiss"]
[EventRounds "5"]
[EventCountry "ITA"]

1. e4 c5 2. Nf3 a6 3. c3 Nf6 4. e5 Nd5 5. Bc4 Nb6 6. Bb3 e6 7. d4 cxd4 8. cxd4 d5 9. O-O Be7 10. Be3 Nc6 11. a3 Nd7 12. Bc2 f6 13. Nh4 Nf8 14. Qh5+ Kd7 15. Qf7 Qe8 16. Qxg7 Ng6 17. Nxg6 hxg6 18. exf6 Rg8 19. Qh7 Rh8 20. Bxg6 Rxh7 21. Bxe8+ Kxe8 22. fxe7 Kxe7 23. Bg5+ Kf7 24. Rd1 Bd7 25. Nc3 Na5 26. a4 Nc4 27. b3 Nd6 28. Rac1 Nf5 29. Ne2 Bc6 30. Rd3 Rg8 31. f4 Rgh8 32. h3 Nd6 33. Ng3 Kg6 34. Re1 Re8 35. Rde3 Bd7 36. Re5 Bc8 37. Rc1 Nf7 38. Re3 Bd7 39. h4 Nxg5 40. hxg5 Bc6 41. Rce1 Bd7 42. Nh1 Kf5 43. g3 Reh8 44. Nf2 Rc8 45. Re5+ Kg6 46. g4 Rf8 47. Nd3 Rh4 48. Kf2 Rxg4 49. Kf3 Rh4 50. Kg3 Rfh8 51. Nf2 R4h7 52. Rc1 Re8 53. Rc7 Bc6 54. Rxh7 Kxh7 55. Ng4 Kg6 56. Re2 Re7 57. Rh2 Rg7 58. Rh6+ Kf7 59. Ne5+ Ke7 60. Kg4 Be8 61. Nd3 b6 62. Ne5 a5 63. f5 exf5+ 64. Kxf5 b5 65. Nc6+ Bxc6 66. Rxc6 bxa4 67. bxa4 Rf7+ 68. Kg4 Rf1 69. Rc5 Ke6 70. Rxa5 Rd1 71. Ra6+ Ke7 72. Kf5 Rxd4 73. Ra7+ Kf8 74. a5 Re4 75. a6 Ra4 76. Ra8+ Kg7 77. a7 d4 78. Ke4 Kh7 79. g6+ Kg7 80. Kd3 Ra1 81. Kxd4 Ra4+ 82. Kc5 Ra1 83. Kb4 Ra2 84. Kb3 Ra1 85. Kc3 Ra5 86. Kb4 Ra1 87. Kb5 Rb1+ 88. Kc5 Ra1 89. Kd6 Ra6+ 90. Ke7 Ra1 91. Ke6 Ra6+ 92. Kf5 Ra5+ 93. Ke4 Ra4+ 94. Kd3 Ra3+ 95. Kc2 Ra2+ 96. Kb3 Ra6 97. Kb4 Ra1 98. Rb8 Rxa7 99. Rb6 Ra1 1/2-1/2